| 000 | 00510nam a2200217 4500 | ||
|---|---|---|---|
| 999 |
_c7148 _d7148 |
||
| 001 | 7148 | ||
| 003 | UkOxU | ||
| 005 | 20180224174101.0 | ||
| 008 | 961021s1958 enk j 000 1 eng d | ||
| 035 | _a(BD-JhCC)7148 | ||
| 040 |
_aEQO _cEQO _dBD-JhCC |
||
| 041 | _aeng | ||
| 082 |
_a823.914 _bPOC |
||
| 100 | 1 | _aPocock, Doris | |
| 245 | 1 | 4 |
_aThe empty house / _cDoris Pocock, |
| 260 |
_aLond. &c., _c[1958]. |
||
| 300 |
_a157p .: _c18cm |
||
| 650 | _aRomance Fiction | ||
| 942 |
_2ddc _cBK |
||